000 00932nam a2200253Ia 4500
001 16110
003 GE_BSU
008 181216s||||||||xx |||||||||||||| ||und||
020 _a978-9941-17-781-1
040 _cGE_BSU
080 _a174
100 _aმამულაშვილი, ბელა
245 _aბიოეთიკა
245 _bსახელმძღვ. უმაღლ. და საშ. სპეც. სასწავლებლების სტუდნტებისათვის
245 _cრედ. რამაზ ხეცურიანი.მხ.ნანა ვეკუა
250 _aმე-14 განახლებული გამოცემა.
260 _aთბილისი
260 _bუნივერსალი
260 _c2015
300 _a376 გვ. ; 21 სმ
541 _h19ლ.
653 _aბიოეთიკა
942 _cBK
999 _c49199
_d49199